Formulation of medicated nanoparticles based on branched PLGA

Elmentve itt :
Bibliográfiai részletek
Szerzők: Martiška Juraj
Šnejdrová Eva
Dittrich Milan
Testületi szerző: Symposium of Young Researchers on Pharmaceutical Technology, Biotechnology and Regulatory Science (2.) (2020) (Szeged)
Dokumentumtípus: Könyv része
Megjelent: 2020
Sorozat:Symposium of Young Researchers on Pharmaceutical Technology, Biotechnology and Regulatory Science 2
Kulcsszavak:Gyógyszertechnológia - előadáskivonat
doi:10.14232/syrptbrs.2020.op4

Online Access:http://acta.bibl.u-szeged.hu/67016
LEADER 00961naa a2200229 i 4500
001 acta67016
005 20260224081030.0
008 200325s2020 hu o 100 eng d
022 |a 2064-4825 
024 7 |a 10.14232/syrptbrs.2020.op4  |2 doi 
040 |a SZTE Egyetemi Kiadványok Repozitórium  |b hun 
041 |a eng 
100 1 |a Martiška Juraj 
245 1 0 |a Formulation of medicated nanoparticles based on branched PLGA  |h [elektronikus dokumentum] /  |c  Martiška Juraj 
260 |c 2020 
300 |a 4 
490 0 |a Symposium of Young Researchers on Pharmaceutical Technology, Biotechnology and Regulatory Science  |v 2 
695 |a Gyógyszertechnológia - előadáskivonat 
700 0 1 |a Šnejdrová Eva  |e aut 
700 0 1 |a Dittrich Milan  |e aut 
710 |a Symposium of Young Researchers on Pharmaceutical Technology, Biotechnology and Regulatory Science (2.) (2020) (Szeged) 
856 4 0 |u http://acta.bibl.u-szeged.hu/67016/1/syrptbrs_2020_009.pdf  |z Dokumentum-elérés